Catálogo
 En Linea

Infecciones del tracto urinario / (Registro nro. 40142)

Detalles MARC
000 -CABECERA
campo de control de longitud fija 00576nam a2200169 a 4500
001 - NÚMERO DE CONTROL
campo de control 000040652
005 - FECHA Y HORA DE LA ÚLTIMA TRANSACCIÓN
campo de control 20201002034259.0
008 - DATOS DE LONGITUD FIJA--INFORMACIÓN GENERAL
campo de control de longitud fija 130904s2012 sp 000 0 spa d
020 ## - NÚMERO INTERNACIONAL ESTÁNDAR DEL LIBRO
Número Internacional Estándar del Libro 9788469521236
040 ## - FUENTE DE LA CATALOGACIÓN
Centro catalogador/agencia de origen DO-SdBNP
Lengua de catalogación spa
Centro/agencia transcriptor BNPHU
100 1# - ENTRADA PRINCIPAL--NOMBRE DE PERSONA
Nombre de persona Vázquez Serrano, Carmen
9 (RLIN) 66872
245 10 - MENCIÓN DE TÍTULO
Título Infecciones del tracto urinario /
Mención de responsabilidad, etc. Carmen Vázquez Serrano, Francisca Socorro López López, Camen Ríos Paredes.
260 ## - PUBLICACIÓN, DISTRIBUCIÓN, ETC.
Lugar de publicación, distribución, etc. Madrid :,
Fecha de publicación, distribución, etc. 2012.
300 ## - DESCRIPCIÓN FÍSICA
Extensión 70 p. :
Otras características físicas il. ;
Dimensiones 22 cm.
700 1# - PUNTO DE ACCESO ADICIONAL--NOMBRE DE PERSONA
Nombre de persona López López, Francisca Socorro
9 (RLIN) 66873
700 1# - PUNTO DE ACCESO ADICIONAL--NOMBRE DE PERSONA
Nombre de persona Río Paredes, Carmen
9 (RLIN) 67012
Existencias
Estado de retiro Estado de pérdida Restricciones de uso No para préstamo Código de colección Localización permanente Ubicación/localización actual Ubicación en estantería Fecha de adquisición Número de inventario Total de préstamos Signatura topográfica completa Código de barras Fecha visto por última vez Precio válido a partir de Tipo de ítem Koha
        Monografías: Libros y Folletos General General Orden iniciada 04.09.2013 LF1   40652-10 25.06.2020 25.06.2020 No se presta

Con tecnología Koha